<?xml version="1.0" encoding="UTF-8"?>
<record
    xmlns:xsi="http://www.w3.org/2001/XMLSchema-instance"
    xsi:schemaLocation="http://www.loc.gov/MARC21/slim http://www.loc.gov/standards/marcxml/schema/MARC21slim.xsd"
    xmlns="http://www.loc.gov/MARC21/slim">

  <leader>01635cam a22003011a 4500</leader>
  <controlfield tag="001">20628</controlfield>
  <controlfield tag="003">BD-RjUL</controlfield>
  <controlfield tag="005">20211209000605.0</controlfield>
  <controlfield tag="008">140301s1955    nyu           000 0 eng d</controlfield>
  <datafield tag="035" ind1=" " ind2=" ">
    <subfield code="a">(BD-RjUL)20690</subfield>
  </datafield>
  <datafield tag="035" ind1=" " ind2=" ">
    <subfield code="a">(OCoLC)1109683</subfield>
  </datafield>
  <datafield tag="040" ind1=" " ind2=" ">
    <subfield code="a">DLC</subfield>
    <subfield code="c">NhU</subfield>
    <subfield code="d">OCoLC</subfield>
    <subfield code="d">TxKT</subfield>
    <subfield code="d">DLC</subfield>
    <subfield code="d">BD-RjUL</subfield>
    <subfield code="b">eng</subfield>
  </datafield>
  <datafield tag="041" ind1="1" ind2=" ">
    <subfield code="a">eng</subfield>
    <subfield code="h">ger</subfield>
  </datafield>
  <datafield tag="082" ind1="0" ind2="0">
    <subfield code="a">833.91</subfield>
    <subfield code="b">ZWT 1955</subfield>
  </datafield>
  <datafield tag="100" ind1="1" ind2=" ">
    <subfield code="a">Zweig, Stefan,</subfield>
    <subfield code="d">1881-1942.</subfield>
    <subfield code="9">63657</subfield>
  </datafield>
  <datafield tag="245" ind1="1" ind2="4">
    <subfield code="a">The tide of fortune :</subfield>
    <subfield code="b">twelve historical miniatures /</subfield>
    <subfield code="c">by Stefan Zweig ; translated by Eden and Cedar Paul.</subfield>
  </datafield>
  <datafield tag="250" ind1=" " ind2=" ">
    <subfield code="a">Hallam Edition</subfield>
  </datafield>
  <datafield tag="260" ind1=" " ind2=" ">
    <subfield code="a">New York :</subfield>
    <subfield code="b">Viking Press,</subfield>
    <subfield code="c">1955</subfield>
  </datafield>
  <datafield tag="300" ind1=" " ind2=" ">
    <subfield code="a">viii, 285 p. ;</subfield>
    <subfield code="c">22 cm.</subfield>
  </datafield>
  <datafield tag="505" ind1="0" ind2=" ">
    <subfield code="a">The head upon the rostrum: Cicero's death, December 7, 43 B.C. -- The conquest of Byzantium, May 29, 1453 -- Flight into immortality: Nu&#xF1;ez de Balboa discovers the Pacific, September 25, 1513 -- The Lord gave the word: Handel's Messiah, August 21, 1741 -- The genius of one night: "The Mareillaise", April 25, 1815 -- The decisive hour at Waterloo: Grouchy obeys orders, June 18, 1815 -- The Marienbad elegy: Goethe's last love, September 5, 1823 -- El Dorado: The gold of California, January 12, 1848 -- First word across the Atlantic: Cyrus Field's cable, August 5, 1858 -- Quest of the South Pole; Scott reaches the Pole, January 16, 1912 -- The sealed train: Lenin leaves Z&#xFC;rich, April 9, 1917 -- Wilson's failure, March 15, 1919.</subfield>
  </datafield>
  <datafield tag="650" ind1=" " ind2="0">
    <subfield code="a">History.</subfield>
    <subfield code="9">63658</subfield>
  </datafield>
  <datafield tag="700" ind1="1" ind2=" ">
    <subfield code="a">Paul, Eden,</subfield>
    <subfield code="d">1865-1944,</subfield>
    <subfield code="e">tr.</subfield>
    <subfield code="9">11070</subfield>
  </datafield>
  <datafield tag="700" ind1="1" ind2=" ">
    <subfield code="a">Paul, Cedar,</subfield>
    <subfield code="e">tr.</subfield>
    <subfield code="9">11071</subfield>
  </datafield>
  <datafield tag="942" ind1=" " ind2=" ">
    <subfield code="2">ddc</subfield>
    <subfield code="c">BK</subfield>
  </datafield>
  <datafield tag="999" ind1=" " ind2=" ">
    <subfield code="c">20628</subfield>
    <subfield code="d">20628</subfield>
  </datafield>
  <datafield tag="952" ind1=" " ind2=" ">
    <subfield code="0">0</subfield>
    <subfield code="1">0</subfield>
    <subfield code="2">ddc</subfield>
    <subfield code="4">0</subfield>
    <subfield code="7">2</subfield>
    <subfield code="8">FIC</subfield>
    <subfield code="a">RUCL</subfield>
    <subfield code="b">RUCL</subfield>
    <subfield code="c">Reading</subfield>
    <subfield code="d">1955-06-10</subfield>
    <subfield code="e">Allies Book</subfield>
    <subfield code="g">5.50</subfield>
    <subfield code="l">0</subfield>
    <subfield code="o">833.91 ZWT 1955</subfield>
    <subfield code="r">2014-03-01 00:00:00</subfield>
    <subfield code="t">C-1</subfield>
    <subfield code="w">2014-03-01</subfield>
    <subfield code="y">BK</subfield>
  </datafield>
</record>
